Structure du phenomene television (La) (Record n. 43647)

Dettagli MARC
000 -LEADER
fixed length control field 01339nam a2200325Ia 4500
001 - CONTROL NUMBER
control field 3041
003 - CONTROL NUMBER IDENTIFIER
control field IT-RoPAU
008 - FIXED-LENGTH DATA ELEMENTS--GENERAL INFORMATION
fixed length control field 130308s9999 xx 000 0 und d
040 ## - CATALOGING SOURCE
Original cataloging agency IT-RoPAU
040 ## - CATALOGING SOURCE
Transcribing agency IT-RoPAU
041 ## - LANGUAGE CODE
Language code of text/sound track or separate title FRANCESE
999 ## - SYSTEM CONTROL NUMBERS (KOHA)
Koha Dewey Subclass [OBSOLETE] SI
100 ## - MAIN ENTRY--PERSONAL NAME
Personal name Arosio Mario
100 ## - MAIN ENTRY--PERSONAL NAME
Miscellaneous information Codice Aut. SPICS: 9786
245 ## - TITLE STATEMENT
Title Structure du phenomene television (La)
245 ## - TITLE STATEMENT
Remainder of title Communication Audiovisuelle (La)
250 ## - EDITION STATEMENT
Edition statement 1a ed.
260 ## - PUBLICATION, DISTRIBUTION, ETC. (IMPRINT)
Place of publication, distribution, etc. SHERBROOKE
260 ## - PUBLICATION, DISTRIBUTION, ETC. (IMPRINT)
Name of publisher, distributor, etc. Editions Paulines
260 ## - PUBLICATION, DISTRIBUTION, ETC. (IMPRINT)
Date of publication, distribution, etc. 1969 [1° Ed.:1969 - Ed.Ling.Originale:1969]
300 ## - PHYSICAL DESCRIPTION
Extent "61 p. (prefazione: no ; testo: 61 [pagine: 217-277])"
500 ## - GENERAL NOTE
General note Struttura del fenomeno Televisivo Società e Comunicazione di Massa Cultura di Massa nella Società Industriale prospettive della Televisione Struttura e Metastruttura Emittente Televisivo Televisione Come Servizio Pubblico Televisione Industria Culturale Intellettuale e Televisione Pubblico della Televisione Condizione del Telespettatore Cultura e Televisione Ambivalenza del mezzo Televisivo Funzione Sociale della Televisione promozione Culturale Cultura Planetaria
650 ## - SUBJECT ADDED ENTRY--TOPICAL TERM
Topical term or geographic name as entry element TEORIA DELLA COMUNICAZIONE SOCIALE
650 ## - SUBJECT ADDED ENTRY--TOPICAL TERM
Relator term Codice materia Spics: 3802
700 ## - ADDED ENTRY--PERSONAL NAME
Personal name Goffredo Donato
700 ## - ADDED ENTRY--PERSONAL NAME
Miscellaneous information Codice Aut. SPICS: 5967
942 ## - ADDED ENTRY ELEMENTS (KOHA)
Koha item type LIBRO
957 ## -
-- 1
999 ## - SYSTEM CONTROL NUMBERS (KOHA)
-- 1
Dati di copia
Withdrawn status Lost status Damaged status Not for loan Home library Current library Date acquired Total Checkouts Full call number Date last seen Price effective from Koha item type Public note
    Buone Condizioni Not For Loan SPICS-MEDIATECA SPICS-MEDIATECA 08/03/2013   3041 08/03/2013 08/03/2013 LIBRO Progressivo inserimento: 11764 / N. Volumi: 0 [=Contributo] Copie: 1 Copia Rara: SI / data import: 1 marzo 2013 - By Epidotti, Trombetti, Vaglietti.
CREDITS: SOCIETA' SAN PAOLO Via A.Severo, 58 - ROMA (RM) & PERIODICI SAN PAOLO SRL Via Giotto, 36 MILANO & CISF Via Giotto, 36 MILANO & EDIZIONI SAN PAOLO SRL,  Piazza Soncino, 5 CINISELLO BALSAMO (MI) -- ITALY